Cosmos
Guardat en:
| Autor principal: | |
|---|---|
| Format: | Llibre |
| Idioma: | espanyol |
| Publicat: |
Barcelona
Planeta
1982
|
| Col·lecció: | Colección Documento
|
| Matèries: | |
| Etiquetes: |
Afegir etiqueta
Sense etiquetes, Sigues el primer a etiquetar aquest registre!
|
MARC
| LEADER | 00000nam a2200000 a 4500 | ||
|---|---|---|---|
| 001 | UCO3059 | ||
| 003 | CL-VaPUC | ||
| 008 | 000714e19820000SP |||||||||||||||||spa|d | ||
| 082 | 0 | 4 | |a 523.1 |b SAG |2 21 |
| 100 | 0 | |a Sagan, Carl |e author |9 446891 | |
| 245 | 1 | 0 | |a Cosmos |
| 300 | |a 365 p | ||
| 942 | |c BK | ||
| 945 | |d 20000714 00:00:00 |a vberengu | ||
| 260 | |a Barcelona |b Planeta |c 1982 | ||
| 650 | 7 | |a CUERPOS Y SISTEMAS ASTRONOMICOS |2 CL-VaPUC |9 349871 | |
| 650 | 0 | |a Espacio |9 336785 | |
| 650 | 7 | |a ESTRELLAS |2 CL-VaPUC |9 310511 | |
| 650 | 0 | |a Universo |9 266563 | |
| 583 | |a last modification |c 20000714 00:00:00 |k Rodrigo Vera | ||
| 490 | 0 | |a Colección Documento | |
| 999 | |c 289533 |d 289531 | ||
| 952 | |0 0 |1 0 |4 0 |6 523_100000000000000_SAG_1982 |7 0 |8 A |9 338057 |a BIBCUR |b BIBCUR |d 2019-11-20 |i 3623971 |l 6 |m 5 |o 523.1 SAG 1982 |p 3623971 |r 2025-05-06 |s 2025-03-25 |w 2019-11-20 |y BK |k FIS | ||